Krajanský kalendář 1964 /

Uložené v:
Podrobná bibliografia
Ďalší autori: Hainc, Jiří (Compiler)
Médium: Kniha
Jazyk:Czech
Slovak
Vydané: Praha : Orbis, 1963
ISBN: (brož.)
Fyzický popis: 150, [6] s. : obr., fotogr.
Tagy: Pridať tag
Žiadne tagy, Buďte prvý kto otaguje tento záznam!

MARC

LEADER 00000cam a22000001 4500
001 000214607
005 20120621090130.0
008 971112s1963 xr cze d
020 |a (brož.) 
040 |a SVKKK  |b slo  |c SVKKK  |e AACR2 
041 0 |a cze  |a slo 
044 |a xr  |c CZ 
245 0 0 |a Krajanský kalendář 1964 /  |c uspoř. Jiří Hainc. 
260 |a Praha :  |b Orbis,  |c 1963  |f ([KNT 2]) 
300 |a 150, [6] s. :  |b obr., fotogr. 
546 |a Čes. a slov. text 
500 |a Vyd. Československý ústav zahraniční v Prahe 
700 1 |a Hainc, Jiří  |4 com 
910 |a svkkk 
998 |a BK 
090 |g SCKHL  |k Sklad Pribinova 2. posch.  |a III.87728  |j 327020  |i 2720244252  |s Absenčne